[Event "Interzonal-15"]
[Site "Manila"]
[Date "1990.??.??"]
[Round "4"]
[White "Arencibia Rodriguez, Walter"]
[Black "Seirawan, Yasser"]
[Result "0-1"]
[WhiteElo "2555"]
[BlackElo "2635"]
[Annotator "Ribli,Z"]
[PlyCount "48"]
[EventDate "1990.06.29"]
[EventType "swiss"]
[EventRounds "13"]
[EventCountry "PHI"]
[SourceTitle "CBM 019"]
[Source "ChessBase"]
[SourceDate "1990.12.01"]
[SourceVersion "1"]
[SourceVersionDate "1990.12.01"]
[SourceQuality "1"]

1. d4 d6 2. Nc3 g6 3. h4 $6 Bg7 (3... Nf6 4. e4 {- B 07}) 4. h5 Nc6 5. Nf3 e5
$1 6. h6 Bf6 7. d5 Nb8 8. e4 Be7 9. Bb5+ (9. Be2 Nf6 10. Nd2 {/\ Nc4, Be3=})
9... Nd7 (9... c6 $2 10. dxc6 bxc6 11. Bc4 {/\ Nd5+/=}) 10. g4 $2 (10. Be3 Ngf6
11. Nd2 a6 $10) 10... Ngf6 11. Nh4 (11. g5 Nh5 {/\ Nf4=/+}) (11. Rg1 O-O {
/\ Nc5 ><e4, g4}) 11... a6 (11... O-O 12. Nf5 $5 gxf5 13. exf5 $15 {|^}) 12.
Bd3 Nc5 13. g5 (13. Rg1 Nxg4) (13. f3 Nxg4) 13... Nh5 14. Rg1 Nf4 $1 15. Bxf4
exf4 16. Nf3 O-O 17. Be2 f6 18. Nd4 (18. Qd4 Nd7 19. O-O-O Ne5 {/\ fg5-+})
18... fxg5 19. b4 Bf6 $1 20. Qd2 Be5 21. Rd1 (21. bxc5 Qf6 $1 22. O-O-O f3 23.
Bc4 Bf4 $19) (21. O-O-O f3 {/\ Bf4-+}) 21... Qf6 22. Bg4 (22. bxc5 dxc5 $19)
22... Bxg4 23. Rxg4 Nd7 24. Nce2 f3 $1 0-1

[Event "Interzonal-15"]
[Site "Manila"]
[Date "1990.??.??"]
[Round "10"]
[White "Stohl, Igor"]
[Black "Miles, Anthony John"]
[Result "0-1"]
[WhiteElo "2525"]
[BlackElo "2595"]
[Annotator "Ribli,Z"]
[PlyCount "98"]
[EventDate "1990.06.29"]
[EventType "swiss"]
[EventRounds "13"]
[EventCountry "PHI"]
[SourceTitle "CBM 019"]
[Source "ChessBase"]
[SourceDate "1990.12.01"]
[SourceVersion "1"]
[SourceVersionDate "1990.12.01"]
[SourceQuality "1"]

1. d4 d6 2. Nf3 Bg4 3. c4 Nd7 4. e4 e5 5. Be2 Be7 6. Nc3 Bxf3 $5 7. Bxf3 Bg5 8.
Bxg5 Qxg5 9. O-O Nh6 $5 10. b4 O-O 11. dxe5 Nxe5 12. Be2 Neg4 13. Qd5 Qf6 14.
Qd2 a5 15. Nd5 Qd8 16. bxa5 Ra7 17. Rab1 c6 18. Nb6 f5 19. Bxg4 Nxg4 20. f3 Ne5
21. f4 Ng4 22. Rfe1 fxe4 23. Rxe4 Qh4 24. h3 Nf6 25. Rd4 (25. Re6 Nh5 26. Rxd6
Nxf4 $44) 25... Re8 26. f5 Qg3 27. Qf4 Qxf4 28. Rxf4 Rxa5 29. a4 Re2 30. Rd1
Rb2 $1 31. Nc8 Rxa4 32. Nxd6 Raa2 33. g4 Rg2+ 34. Kf1 Rh2 35. Kg1 Rxh3 36. Ne4
Nxe4 37. Rxe4 h5 $1 38. f6 Rg3+ 39. Kh1 Rxg4 40. Re7 Rh4+ 41. Kg1 Rg4+ 42. Kh1
Rf2 43. Rd8+ Kh7 44. fxg7 Rxg7 45. Re5 (45. Rdd7 Rxe7 46. Rxe7+ Kg6 47. Rxb7
Rc2 48. Rb4 Kf5 $19) 45... Kg6 46. Rd6+ Rf6 47. Rxf6+ Kxf6 48. Rxh5 Rg5 49. Rh7
Ke5 {Ribli} 0-1

[Event "Bundesliga 0203"]
[Site "Germany"]
[Date "2003.02.09"]
[Round "11.3"]
[White "Dautov, Rustem"]
[Black "Tischbierek, Raj"]
[Result "0-1"]
[WhiteElo "2617"]
[BlackElo "2523"]
[Annotator "Ribli,Z"]
[PlyCount "79"]
[EventDate "2002.10.19"]
[EventType "team-tourn"]
[EventRounds "15"]
[EventCountry "GER"]
[SourceTitle "CBM 094"]
[Source "ChessBase"]
[SourceDate "2003.05.26"]
[SourceVersion "1"]
[SourceVersionDate "2003.05.26"]
[SourceQuality "1"]
[WhiteTeam "Baden Oos"]
[BlackTeam "Kreuzberg"]
[WhiteTeamCountry "GER"]
[BlackTeamCountry "GER"]

1. d4 d6 2. Nf3 Bg4 3. c4 {Mehr als 10 Jahre früher - zwischen denselben
Spielern - geschah stattdessen 3.e4. Nach meiner persönlichen Meinung bietet
der Textzug Weiß mehr Chancen auf Eröffnungsvorteil.} (3. e4 Nf6 4. Bd3 $5 e6
5. Bg5 $5 Be7 6. Nbd2 O-O (6... d5 $142) 7. c3 d5 8. e5 Nfd7 9. Bxe7 (9. h4
$142 $1) 9... Qxe7 10. Qc2 (10. Qb3 $1) 10... h6 11. Qb3 Nb6 12. a4 a5 (12...
c5 $1) 13. h3 {1/2-1/2 Dautov,R-Tischbierek,R/Dortmund 1992/CBM 29/[Dautov] 
(60)}) 3... Nd7 (3... Bxf3 4. exf3 $14) 4. Nc3 (4. g3 e5 5. Bg2 Ngf6 6. Nc3 Be7
7. h3 Bh5 8. Nh4 c6 9. Nf5 {1-0 Dautov,R-Fritsche,L/Germany 1995/GER-chT2 (26)}
) 4... g6 (4... e5 5. g3 Bxf3 6. exf3 Ne7 7. Bh3 exd4 8. Qxd4 $14) 5. g3 Bxf3
6. exf3 Bg7 7. Bh3 {[%csl Gh3][%cal Gh3d7] Diese Läuferentwicklung ist noch
besser als Bg2. Der Läufer steht aktiv auf der Diagonalen h3-c8.} (7. h4 Ngf6
8. Be3 c6 9. g4 h6 10. Be2 d5 $1 11. cxd5 (11. Qb3 Qb6 $10) 11... Nxd5 12. Nxd5
cxd5 13. Qb3 (13. f4 Qb6 14. h5 gxh5 15. Rxh5 Nf6 16. Rh3 $13) 13... Qb6 14.
Qxb6 Nxb6 $10 {1/2-1/2 Dautov,R-Adams,M/Ter Apel 1995/CBM 47/[Dautov] (22)})
7... Ngf6 8. O-O O-O 9. d5 {Mit diesem Zug Weiß gewinnt Raum im Zentrum.} c6
10. Re1 (10. Be3 Qa5 11. Qb3 Rab8 12. Rfd1 $6 (12. Rad1 $5 Nb6 13. Rfe1) 12...
Nb6 13. Bf1 Rfc8 14. Bd2 Nbd7 15. f4 $5 Qb6 16. Re1 Kf8 17. Qd1 $5 cxd5 $5 18.
cxd5 Qxb2 19. Rb1 Qa3 20. Re3 Nb6 (20... Qc5 $5) 21. Qe1 $1 {1-0 Skomorokhin,
R-Sakaev,K/St Petersburg 1996/CBM 52/[Ribli] (40)}) 10... Re8 (10... cxd5 11.
cxd5 $14 {[%csl Gd5]}) 11. Be3 (11. f4 $14) 11... Qa5 12. a3 {Mit diesem Zug
verhindert Weiß die Moeglichkeit Nc5 (wegen b2-b4).} Rad8 (12... Ne5 13. Bf1
$14 {[%cal Gf3f4]}) 13. f4 $14 {[%cal Gh3g2,Gf4f5][%mdl 32] Weiß hat
Lauferpaar und Raumvorteil. Es ist wahr, dass Weiß hat Doppelbauern auf der
f-Linie, aber in folgendem f4-f5 wird moeglich.} Qc7 14. Rc1 {[%cal Gc1c7]} Qb8
15. f5 {Auf diese Weise kann sich Weiß von seinem Doppelbauern befreien.} a6
16. fxg6 hxg6 17. f4 {[%cal Gf4f5] Die Idee des Zuges ist, dass Weiß spaeter
wieder f4-f5 ziehen kann.} cxd5 (17... c5 18. Qd3 $14) 18. cxd5 b5 {[%cal
Gb5b4] Endlich hat Schwarz etwas Aktivitaet am Damenfluegel.} 19. b4 Rc8 (19...
Nb6 {[%cal Gb6c4]} 20. f5 $36) 20. f5 gxf5 21. Bxf5 Rc4 22. Bd3 Rc7 23. Bd4 Ne5
$132 {[%cal Ge5c4]} 24. Bxe5 dxe5 {[%csl Rg1][%cal Gb8b6,Gb6g1] Schwarz hat
Gegenchancen auf den dunkelfarbige Punkten.} 25. Qf3 (25. Rxe5 $4 Rxc3 $19) (
25. Ne4 Qb6+ 26. Nc5 Nd7 $13 (26... Nxd5 27. Bxb5 axb5 28. Qxd5 $13)) 25...
Qb6+ 26. Kf1 (26. Kg2 $5) 26... Rec8 27. Bf5 e6 (27... e4 $13) 28. dxe6 fxe6
29. Bh3 Nh7 $6 {[%cal Gh7g5,Gg5f3,Gg5h3]} (29... Kh8 $1 30. Ne2 Rxc1 31. Rxc1
Rxc1+ 32. Nxc1 Qd6 $13) 30. Kg2 $4 {[%mdl 8192] Weiß moechte mit dem Koenig
die f-Linie verlassen, was logisch waere, aber dieser Zug verliert.} (30. Nd5
$8 exd5 31. Bxc8 Rf7 (31... e4 32. Qh5 $16) 32. Bf5 $16) 30... Ng5 {[%cal
Rg5f3,Rg5h3,Rc8c1]} 31. Nd5 {Jetzt kommt dieser Zug zu spaet.} Rc2+ $19 (31...
Nxf3 32. Nxb6 Rxc1 $19) 32. Rxc2 Rxc2+ 33. Kf1 exd5 {Schwarz hat eine Figur
mehr und Gewinnstellung.} (33... Qg1+ $5 34. Kxg1 Nxf3+ 35. Kf1 Nxh2+ 36. Kg1
Nf3+ 37. Kf1 exd5 $19) 34. Qxd5+ Nf7 35. Re2 (35. Qa8+ Bf8 $19) 35... Rc1+ (
35... Qf6+ 36. Ke1 Rc1+ $19) 36. Kg2 Qg1+ 37. Kf3 Rc3+ 38. Kg4 Rc4+ 39. Kh5 Rd4
(39... Qc1 40. Rd2 Rd4 $19) 40. Qe6 (40. Qe6 Qd1 $19) 0-1

[Event "Subotica 21st Century"]
[Site "Subotica"]
[Date "2000.12.19"]
[Round "2"]
[White "Shariyazdanov, Andrey"]
[Black "Solak, Dragan"]
[Result "1-0"]
[WhiteElo "2582"]
[BlackElo "2490"]
[Annotator "Ribli,Z"]
[PlyCount "119"]
[EventDate "2000.12.18"]
[EventType "tourn"]
[EventRounds "10"]
[EventCountry "YUG"]
[EventCategory "10"]
[SourceTitle "CBM 081"]
[Source "ChessBase"]
[SourceDate "2001.03.20"]
[SourceVersion "1"]
[SourceVersionDate "2001.03.20"]
[SourceQuality "1"]

1. d4 d6 2. Nf3 g6 3. c4 Bg7 4. Nc3 e5 {Diese Variante wird selten gespielt.
Statt dessen konnte Schwarz mit 4...Nf6 die Königsindische Verteidigung wählen.
} 5. dxe5 (5. e4) 5... dxe5 6. Qxd8+ Kxd8 7. Bd2 {Die Damen sind schon nicht
mehr auf dem Brett, dennoch hat Weiß Initiative - der schwarze König steht
unsicher in der Mitte, Weiß hingegen kann schnell lang rochieren. Zudem steht
der Bg7 etwas passiv.} (7. Bg5+ f6 8. O-O-O+ {Diese Möglichkeit ist auch nicht
schlecht für Weiß - aber nach Bg5-d2 hat er ein Tempo verloren.}) 7... Ke8 (
7... f6 8. O-O-O Ke8 (8... Bd7 9. g4 Kc8 10. h3 a5 11. Bg2 Ne7 12. Be3 Na6 13.
Nd2 Bc6 14. Nd5 {1-0 Kasparov,G-Reading,M/Peoria 1998/EXT 99 (48)}) 9. h3 $1
Be6 10. b3 Na6 $6 11. g4 Rd8 12. Bg2 Ne7 13. Be3 Nc8 14. Nb5 $1 {1-0 Kasparov,
G-Azmaiparashvili,Z/Moscow (ol) 1994/Inf 62/[Kasparov,G] (50)}) (7... Be6 8.
O-O-O Nd7 9. Ng5 (9. e4 f6 10. h3 Bh6 11. Be2 c6 12. a3 Ke7 13. b4 a5 14. Kb2
Nb6 15. c5 Bxd2 16. Nxd2 axb4 17. axb4 Na4+ 18. Nxa4 Rxa4 19. Ra1 Rxb4+ 20. Kc3
Rd4 21. Rhb1 Rd7 22. Ra8 Kf7 23. Bc4 {1-0 Van Wely,L-Topalov,V/Monte Carlo
1997/CBM 57 ext (39)}) 9... Bxc4 10. b3 (10. e4 Bxf1 11. Rhxf1 Nh6 12. f4 c6
13. fxe5 Ke7 14. Nf3 Ng4 15. Bg5+ Ke8 16. e6 fxe6 17. Rd6 Nf8 18. Rfd1 Bf6 19.
e5 {1-0 Kramnik,V-Topalov,V/Monte Carlo 1998/CBM 63 ext (48)}) 10... Be6 11.
Nxe6+ fxe6 12. g3 $44) 8. O-O-O $1 (8. Nb5 Na6 9. O-O-O f6 10. h3 Nh6 11. g4
Nf7 12. Bg2 c6 13. Nc3 Be6 14. b3 f5 15. gxf5 gxf5 16. Ne1 Nc5 {1/2-1/2
Shariyazdanov,A-Gelman,A/Ekaterinburg 1996/CBM 54 (50)}) 8... Na6 {Schwarz
spielt nicht f7-f6, er möchte statt dessen f7-f5 ziehen.} (8... f6 9. h3 $14 {
Das ist eine Zugumstellung zur Variante 7...f6 8.0-0-0 Ke8. Die weiße
Strategie besteht darin, in der Folge mit g2-g4 am Königsflügel Raum zu
gewinnen.}) 9. h3 {[%cal Gg2g4] Weiß folgt - völlig zurecht - der üblichen
Strategie, er möchte g2-g4 ziehen.} f5 10. e4 f4 {Schwarz muss das Zentrum
geschlossen halten, nach exf5 würde der Pe5 sehr schwach. Nun aber steht der
Bg7 erst recht passiv.} 11. Nb5 $5 {[%cal Rd2c3,Rc3e5] Es droht 12.Bc3 -
Schwarz muss sich um die Verteidigung des Pe5 Gedanken machen.} Nh6 (11... c6
$2 12. Nd6+ Ke7 13. Bc3 $18) 12. Bc3 (12. g3 fxg3 13. fxg3 Nf7 14. Be3 Bd7 $14)
12... Nf7 13. b4 $5 {[%csl Ra6] Weiß möchte den Bewegungsradius des Na6
einschränken, aber dieser Zug schwächt die weiße Bauernstellung.} (13. g3 $14)
13... Be6 (13... c6 14. Nd6+ (14. Na3 c5 15. b5 Nc7 $13 {[%cal Gc7e6,Ge6d4]} (
15... Nb4 16. Kb2 a6 $13)) 14... Nxd6 15. Rxd6 Bf8 16. Bxe5 (16. Rd2 Bxb4 17.
Bxb4 Nxb4 $11) 16... Bxd6 17. Bxd6 $44 {[%csl Gd6] Weiß hat nur einen Bauern
für die Qualität, aber sein schwarzfeldriger Läufer ist besonders stark.}) 14.
Kb2 {Weiß verteidigt den Pa2, nun droht schon c4-c5 mit weiterem Raumgewinn.}
c5 $1 $11 {Das ist ein Bauernopfer - Schwarz sucht aktives Spiel, anstatt nur
auf c4-c5 zu warten.} (14... Ke7 15. c5 Rhd8 16. Be2 $14) 15. bxc5 Ke7 16. Nd2
Kf6 $2 {Schwarz ist zu optimistisch - anstelle des sofortigen 16...Nxc5 möchte
er zuerst seinen schwarzfeldrigen Läufer aktivieren.} (16... Nxc5 17. Bb4 Rhc8
18. Nb3 b6 $11) 17. Nb3 Bf8 18. Nd6 Bxd6 (18... Nxc5 19. Nxc5 Nxd6 (19... Bxd6
20. Nxe6 Kxe6 21. Rd5 $14 (21. c5 Bxc5 22. Bc4+ Kf6 23. Bxf7 Kxf7 24. Rd7+ Ke6
25. Rhd1 Bd4 26. Bxd4 Kxd7 27. Bxe5+ $11)) 20. Nxe6 Kxe6 21. Rd5 $14 {[%csl
Gd5]}) 19. cxd6 {[%cal Gc3f6]} Rhd8 20. g3 $1 $36 g5 (20... fxg3 21. f4 $36)
21. h4 {Weiß hat das Läuferpaar und öffnet die Stellung. Das Fehlen des
schwarzfeldrigen Läufers in der schwarzen Stellung wird nun fühlbar.} h6 22.
hxg5+ hxg5 23. gxf4 gxf4 24. Be2 Rac8 (24... Rxd6 $2 25. Bxe5+ $1 Kxe5 (25...
Nxe5 26. Rxd6 Ke7 27. Rd4 $18) 26. Rh5+ Kf6 27. e5+ $18) (24... Nxd6 25. Rh6+
Kf7 26. Bxe5 Nxc4+ 27. Bxc4 Bxc4 28. Rxd8 Rxd8 29. Bxf4 $16 (29. Na5 $5 $16))
25. Rh4 {Droht 26.Rxf4+.} Kg5 26. Rh5+ (26. Rh7) 26... Kf6 27. Rh4 Kg5 28. Rh7
{[%csl Gh7]} Kf6 (28... Kg6 29. Rxf7 $5 (29. Rdh1) 29... Kxf7 30. Bxe5 Bxc4 31.
Bg4 (31. Bh5+ $16) 31... Be6 32. Bh5+ Kf8 33. Bxf4 $16) 29. Rdh1 Rxd6 (29...
Bxc4 30. R1h5 {[%csl Rf6]} Kg6 (30... Bxb3 31. axb3 $18) (30... Bxe2 31. Rf5+
Kg6 32. Rfxf7 $18) (30... Be6 31. R5h6+ Nxh6 32. Rxh6+ Kf7 33. Bh5+ $18) 31.
Bg4 $40) 30. R1h4 {Droht wieder 31.Rxf4+.} Kg6 (30... f3 31. Bxf3 Bxc4 (31...
Rxc4 32. Be2 Rc8 33. f4 $16) 32. Bh5 $16) {[#]} 31. Bh5+ $1 {[%mdl 64] Mit
dieser schönen Kombination gewinnt Weiß Material.} Kxh7 32. Bxf7+ Kg7 33. Bxe5+
(33. Rxf4 Bxf7 34. Bxe5+ Kg6 35. Bxd6 $16) 33... Kxf7 34. Bxd6 Rxc4 35. Rxf4+
Ke8 36. f3 $16 {Weiß hat einen Bauern mehr und die aktivere Figurenstellung.}
Kd7 37. Bf8 Nb4 {Das ist bemerkenswert. nach 8...Na6 zieht der Springer zum
zweiten mal - im 37.Zug...} 38. Bxb4 $5 (38. Rh4 $16) 38... Rxb4 39. Rf6 (39.
Rh4 $16) 39... a5 40. Kc3 {[%cal Rb3c5,Rc5e6,Rc5d7]} b6 (40... Bxb3 41. axb3
Rb5 42. f4 $16) 41. e5 Rc4+ 42. Kd3 Rb4 43. Nd4 {[%mdl 4096] Weiß gibt seinen
Materialvorteil zurück, doch dank seiner guten Figurenkoordination besitzt er
die Initiative.} Bxa2 44. f4 {[%csl Ge5,Gf4] Die Stellung ist nur materiell
ausgeglichen - die weißen Figuren stehen sehr aktiv und seine Bauern sind
gefährlicher als die schwarzen Bauern am Damenflügel. Auch der weiße König ist
viel aktiver als sein schwarzer Gegenüber.} a4 45. Rh6 Kc8 (45... a3 $6 46.
Rh7+ Ke8 47. Ra7 {[%csl Ra3]} Bb1+ 48. Kc3 $16) 46. e6 a3 47. Rh8+ Kc7 48. Rh7+
Kd6 (48... Kc8 49. e7 Kd7 50. Rh8) 49. e7 Kd7 50. Rh8 Rxd4+ (50... Kxe7 51.
Nc6+ $18 {[%cal Rc6b4,Rc6e7]}) 51. Kxd4 Kxe7 52. Ra8 $18 {Das Endspiel ist
gewonnen für Weiß. Schwarz kann seinen Pa3 nicht verteidigen.} b5 (52... Kd6
53. Rxa3 Bf7 (53... Be6 54. Ra6 Kc6 55. Ke5 $18) 54. f5 $18) 53. Rxa3 Bc4 54.
Ke5 Kf7 55. Ra7+ Ke8 56. Kf6 Bd3 57. f5 {In diesem Endspiel hat Schwarz nur
eine Hoffnung - stünde der weiße f-Bauern schon aur f6, dann wäre die Stellung
Remis, denn dann könnte der König den Bauern nicht unterstützen.} Bc2 58. Rc7
Bd3 59. Rc5 Bc4 60. Kg7 1-0

[Event "YUG-ch"]
[Site "Novi Sad"]
[Date "1995.??.??"]
[Round "?"]
[White "Vukic, Milan"]
[Black "Nikolic, Zivoslav"]
[Result "1-0"]
[WhiteElo "2450"]
[BlackElo "2465"]
[Annotator "Ribli,Z"]
[PlyCount "151"]
[EventDate "1995.02.??"]
[EventType "tourn"]
[EventRounds "17"]
[EventCountry "YUG"]
[EventCategory "10"]
[SourceTitle "CBM 049"]
[Source "ChessBase"]
[SourceDate "1995.12.01"]
[SourceVersion "1"]
[SourceVersionDate "1995.12.01"]
[SourceQuality "1"]

1. Nf3 g6 2. c4 Bg7 3. d4 d6 4. Nc3 Bg4 5. e3 Nc6 6. Be2 e5 7. d5 (7. Nxe5 dxe5
$1 (7... Bxe2 $2 8. Nxc6 Bxd1 9. Nxd8 Bg4 10. Nxb7 a5 11. Nb5 $18 {
Landenbergue,C-D'Amore,C/Biel-B/1990/CBM19/}) 8. Bxg4 exd4 9. Nd5 Nf6 $13) 7...
Nce7 8. e4 Bxf3 (8... f5 $2 9. Ng5 $1 $18) 9. Bxf3 f5 (9... Bh6 10. Bxh6 Nxh6
11. Qd2 Nhg8 12. O-O h5 13. Be2 Qd7 14. f4 exf4 15. Qxf4 f6 16. c5 $36 {
Maric,A-Stroe,M/Oakham/1990/EXP16/}) 10. h4 $1 {Wenn Weiss noch nicht rochiert
und Schwarz spielt f5, dann soll man in derar- tigen Stellungen meistens
diesen Zug ziehen.} Nh6 11. h5 f4 12. g4 $5 {Der weisse Plan ist ganz einfach,
er will den Koenigsfluegel halten und am Damenflugel irgendwo einen Durchbruch
erreichen.} Nf7 13. Be2 Bf6 14. Qb3 $5 b6 {Es ist nicht so leicht einen
anderen Zug zu empfehlen, aber jetzt sieht der schwarze Damenfluegel wie eine
Kaese (Ementhaler) aus.} 15. Bd2 Ng5 16. f3 $1 O-O 17. O-O-O Kg7 18. Be1 $1 Ng8
19. Bf2 Be7 20. Rh2 $5 Nf6 21. hxg6 hxg6 22. Rdh1 {Weiss herrscht auch die
h-Linie.} Nf7 23. Qa4 Rh8 (23... a6 $5) 24. Rxh8 Nxh8 25. Qa6 $1 {Droht /\ Nb5,
Qb7} Qc8 26. Qxc8 Rxc8 27. Nb5 $1 a5 28. Na7 Ra8 29. Nc6 {Der Anziehende hat
eine Traumstellung.} Bf8 30. Kc2 Nf7 31. Bh4 Nd7 32. a3 a4 $6 {Schwarz will b4
verhindern, aber jetzt bleibt der a4-Bauer ewig schwach.} (32... Nb8 $5 33.
Nxb8 Rxb8 34. b4 Ra8 35. Kb2 Kg8 $14) 33. Kc3 Nc5 (33... Nb8 34. Nxb8 Rxb8 35.
Kb4 Ra8 36. Bd1 $18) 34. Bd1 g5 35. Bf2 Kg6 (35... Nd8 36. Nxd8 Rxd8 37. Bxc5
dxc5 38. Bxa4 $16) 36. Bc2 Kg7 37. Kd2 Kg6 38. Nb4 $1 Nd8 {Schwarz will mit
Ndb7 seinem c5 Springer befestigen.} 39. Bxc5 $1 {Die entscheidende Feinheit,
Schwarz kann den Bauernverlust ( a4 ) nicht mehr vermeiden. Der Gewinn ist nur
noch eine Frage der Technik.} dxc5 40. Na2 Nb7 41. Nc3 Nd6 42. Kd3 Be7 43. Bxa4
Kg7 44. Bc6 Rc8 (44... Rh8 45. Rxh8 Kxh8 46. b4 $18) 45. Nd1 Rd8 46. Nf2 Nf7
47. Kc3 Nh8 48. Nd3 Ng6 49. Kb3 Nh4 50. Rh3 Bd6 51. Ka4 $1 Ng2 52. b4 Ne3 53.
Kb3 cxb4 54. axb4 Rb8 {Schwarz kann c5 nur vorlaeufig verhindern.} 55. Rh1 $18
{Der Rest der Partie bedarf keines Kommentars.} Ng2 56. Kc3 Nh4 57. Rh3 Kf6 58.
Ne1 Kg7 59. Kb3 Kf6 60. Ka4 Kg7 61. Kb5 Kf6 62. Nd3 Rg8 63. Ka6 $1 Rg7 64. Kb7
Bf8 65. c5 $1 bxc5 66. bxc5 Be7 67. Kc8 $1 Rh7 68. Bd7 Rh8+ 69. Kxc7 Ra8 70. d6
Bf8 71. Nb4 Ra7+ 72. Kc6 Ra3 73. Nd5+ Kf7 74. Bc8 Nxf3 75. Rh7+ Bg7 76. Rxg7+ {
Ribli} 1-0

[Event "Pinsk"]
[Site "Pinsk"]
[Date "1993.??.??"]
[Round "?"]
[White "Kharitonov, Andrei Y"]
[Black "Agrest, Evgenij"]
[Result "1-0"]
[WhiteElo "2530"]
[BlackElo "2465"]
[Annotator "Ribli,Z"]
[PlyCount "75"]
[EventDate "1993.??.??"]
[EventType "tourn"]
[EventRounds "9"]
[EventCountry "BLR"]
[EventCategory "10"]
[SourceTitle "CBM 038"]
[Source "ChessBase"]
[SourceDate "1994.02.01"]
[SourceVersion "1"]
[SourceVersionDate "1994.02.01"]
[SourceQuality "1"]

1. Nf3 d6 2. d4 Bg4 3. c4 Bxf3 4. exf3 g6 5. Nc3 Bg7 6. Be3 Nd7 7. d5 (7. Be2
c5 8. dxc5 Nxc5 9. Rc1 Nf6 10. O-O O-O 11. b4 $14 {Georgiev,Ki-Rivas Pastor,M/
Las Palmas/1993/CBM36/}) 7... c6 (7... c5 $5) 8. Be2 Ngf6 9. O-O O-O 10. Qb3 $5
(10. f4 {Van der Sterren,P-Jansa,V/Prague/1992/CBM27/}) 10... Qc7 11. Rfd1 a6
12. Rac1 Rfc8 13. f4 e6 (13... Rab8 $5) 14. dxe6 $5 (14. Bf3 exd5 15. cxd5 c5
$13) 14... fxe6 15. Bf3 Rab8 16. g3 Re8 17. Ne2 Rbd8 18. Qa3 Bf8 19. b4 $14 e5
20. Qb3 Kh8 21. Nc3 Bg7 22. Qc2 $1 Nf8 23. f5 Qf7 24. Ne4 Nxe4 25. Bxe4 d5 $2 (
25... gxf5 26. Bxf5 $14) 26. fxg6 Nxg6 27. cxd5 cxd5 28. Qb3 $1 Ne7 29. Bc5 Rd7
30. Bxe7 Qxe7 31. Rxd5 Rxd5 32. Qxd5 b6 (32... Qxb4 33. Rb1 Qd4 34. Rxb7 Rf8
35. Qxd4 exd4 36. Bd3 a5 37. Ra7 $18) 33. Qc6 Qd8 34. Qc2 $1 h6 35. Qc6 Bf6 36.
Qb7 Bg7 37. Qf7 Re7 38. Qf5 1-0